NAME THE NBA PLAYER! - Statistics

General Stats
  • This quiz has been taken 2,033 times
  • The average score is 17 of 34
Answer Stats
Hint Answer % Correct
Jimmy Butler
98%
Serge Ibaka
95%
Kyrie Irving
88%
Stephen Curry
87%
Klay Thompson
87%
JaVale McGee
86%
Joakim Noah
81%
Russell Westbrook
79%
Joel Embiid
73%
Steven Adams
71%
LaMarcus Aldridge
70%
Jusuf Nurkic
66%
Nate Robinson
65%
Jerami Grant
63%
Victor Oladipo
63%
Mario Chalmers
57%
Tony Parker
57%
Tyreke Evans
52%
Eric Gordon
50%
Ryan Anderson
49%
Kyle Anderson
49%
Ty Lawson
41%
Mo Williams
40%
Hedo Turkoglu
32%
Andrea Bargnani
28%
Brandon Jennings
25%
Marco Belinelli
18%
JaKarr Sampson
17%
Andre Roberson
15%
Derrick Favors
11%
Tyler Zeller
11%
Ian Mahinmi
10%
Michael Carter-Williams
9%
Henry Sims
1%
No matching quizzes found
Score Distribution
Percent of People with Each Score
Percentile by Number Answered
Your Score History
You have not taken this quiz